000 00722nam a2200241 a 4500
001 3472158
005 20180119042549.0
008 940321s1994 maua b 001 0 eng
010 _a 93078676
020 _a0395668522 (student book)
020 _a0395692962 (examination copy)
040 _aDLC
_cDLC
041 _aeng
080 _a332.024 GAR
082 0 0 _a332.024 GAR
_220
100 1 _a56
101 _aFIN
245 1 0 _aPersonal finance /
_cE. Thomas Garman, Raymond E. Forgue.
504 _aIncludes bibliographical references and index.
906 _a7
_bcbc
_corignew
_d3
_eopcn
_f19
_gy-gencatlg
942 _2ddc
_cBK
999 _c40543
_d40543